000 01413nam a22002657a 4500
008 230825s2022 xxk|||||o|||| 00| 0 eng d
020 _a9781783214778
041 _aeng
110 _aRoyal Institution of Chartered Surveyors
245 _aICMS explained,
_bA user guide for the International Cost Management Standard (ICMS) third edition
250 _a3rd
260 _aLondon,
_bRICS,
_cAugust 2022
300 _a59p.
500 _aSupersedes 2nd edition ISBN 9781783213986
520 _aA practical resource that will equip quantity surveyors and cost consultants to deliver cost estimates and financial reports in line with ICMS. It also sets out the purpose, context and philosophy of ICMS. Practitioners will find ICMS Explained valuable as a reference document to address questions of the terminology used and how ICMS rules could apply to a specific project situation. It also sets out how ICMS is used in practice by drawing on and illustrating real examples of where it is already in use.
650 _aConstruction
650 _aInternational Construction Measurement Standards
651 _aInternational
690 _96256
_aMeasurement
690 _96230
_aConstruction management
700 _aHorner, Malcolm
700 _aFry, Chris
856 _uhttps://www.rics.org/content/dam/ricsglobal/documents/standards/icms-3-explained.pdf
_zAvailable on RICS.org
942 _n0
999 _c121648
_d121648